Análisis de losas de concreto reforzado por el método del marco equivalente, ACI 318-71 / (Registro nro. 93)
[ vista simple ]
| 000 -LEADER | |
|---|---|
| campo de control de longitud fija | 02288nam a2200313 i 4500 |
| 001 - NÚMERO DE CONTROL | |
| campo de control | 42835 |
| 003 - IDENTIFICADOR DE NÚMERO DE CONTROL | |
| campo de control | gtgccic |
| 005 - FECHA Y HORA DE LA ÚLTIMA TRANSACCIÓN | |
| campo de control | 20241119145858.0 |
| 007 - CAMPO FIJO DE DESCRIPCIÓN FÍSICA--INFORMACIÓN GENERAL | |
| campo de control de longitud fija | ta |
| 008 - DATOS DE LONGITUD FIJA--INFORMACIÓN GENERAL | |
| campo de control de longitud fija | 241119| gt ||||| |||| 00| 0 spa d |
| 040 ## - FUENTE DE CATALOGACIÓN | |
| Centro catalogador/agencia de origen | gtgccic |
| Lengua de catalogación | spa |
| Centro/agencia transcriptor | gtgccic |
| Normas de descripción | rda |
| 084 ## - OTRO NÚMERO DE CLASIFICACIÓN | |
| Número de control del registro de autoridad o número normalizado | C-73-894 |
| 100 10 - ENTRADA PRINCIPAL--NOMBRE DE PERSONA | |
| Nombre de persona | Alcain Montes, Juan Alberto |
| Fechas asociadas al nombre | 1973 |
| Término indicativo de función/relación | Autor |
| 245 10 - MENCIÓN DEL TÍTULO | |
| Título | Análisis de losas de concreto reforzado por el método del marco equivalente, ACI 318-71 / |
| Mención de responsabilidad, etc. | Juan Alberto Alcain Montes |
| 264 #1 - PRODUCCIÓN, PUBLICACIÓN, DISTRIBUCIÓN, FABRICACIÓN Y COPYRIGHT | |
| Producción, publicación, distribución, fabricación y copyright | Guatemala, Guatemala : |
| Nombre del de productor, editor, distribuidor, fabricante | Facultad de Ingeniería, Universidad de San Carlos de Guatemala, |
| Fecha de producción, publicación, distribución, fabricación o copyright | 1973. |
| 300 ## - DESCRIPCIÓN FÍSICA | |
| Extensión | 115 páginas : |
| Otras características físicas | Ilustraciones, |
| Dimensiones | 27 cm |
| 336 ## - TIPO DE CONTENIDO | |
| Fuente | rdacontenido |
| Término de tipo de contenido | Texto |
| Código de tipo de contenido | txt |
| 337 ## - TIPO DE MEDIO | |
| Fuente | rdamedio |
| Nombre/término del tipo de medio | sin mediación |
| Código del tipo de medio | n |
| 338 ## - TIPO DE SOPORTE | |
| Fuente | rdasoporte |
| Nombre/término del tipo de soporte | volumen |
| Código del tipo de soporte | nc |
| 502 ## - NOTA DE TESIS | |
| Nota de tesis | Ingeniero Civil, |
| Tipo de título | Tesis de grado, |
| Nombre de la institución que otorga el título | USAC, |
| Año de obtención del título | 1973. |
| Identificador de la tesis | C73894 |
| 504 ## - NOTA DE BIBLIOGRAFÍA, ETC. | |
| Nota de bibliografía, etc. Nota | Bibliografía página 101-102 |
| 520 3# - RESUMEN, ETC. | |
| Sumario, etc. | El método del marco equivalente es una innovación en el análisis estructural de un edificio del código ACI 318-71.<br/><br/>El análisis de una losa por el método del marco equivalente podría compararse al análisis elástico de losas planas del código ACI 318-63.<br/><br/>Ambos métodos permiten la simplificación de un sistema de losas tridimensionales a una serie de marcos bidimensionales equivalentes, tomados longitudinal y transversalmente a través del edificio. La diferencia fundamental estriba en que el método del marco equivalente se aplica a sistemas de losas rectangulares con o sin vigas entre soportes y tomando en cuenta el efecto de torsión de las vigas perimetrales, factor que no se consideraba en los códigos anteriores al ACI 318-71.<br/><br/>El código ACI 318-71 introduce también el concepto del Método de Diseño Directo. Este método se utiliza para llevar a cabo el análisis de losas rectangulares con o sin vigas entre soportes, al igual que en el método del marco equivalente. Para el análisis de losas por medio del método de diseño directo, no es necesario el cálculo de rigideces, factores de transmisión, momentos fijos, sino el sistema estructural se analiza con formulas "empíricas". |
| 546 ## - NOTA DE IDIOMA | |
| Nota de lengua/lenguaje | Español |
| 650 14 - PUNTO DE ACCESO ADICIONAL DE MATERIA--TÉRMINO DE MATERIA | |
| Término de materia o nombre geográfico como elemento de entrada | Hormigón reforzado |
| 650 14 - PUNTO DE ACCESO ADICIONAL DE MATERIA--TÉRMINO DE MATERIA | |
| Término de materia o nombre geográfico como elemento de entrada | Losas - Diseño |
| 700 10 - ENTRADA AGREGADA--NOMBRE PERSONAL | |
| Nombre de persona | Monzón D., Héctor |
| Término indicativo de función/relación | Asesor |
| 942 ## - ELEMENTOS DE ENTRADA SECUNDARIOS (KOHA) | |
| Préstamos Koha (prestado), todas las copias | tesis |
| Tipo de ítem Koha | TESIS |
| Prefijo de la signatura | C73894 |
| Suprimir en OPAC | No |
| 945 ## - PROCESAMIENTO DE INFORMACIÓN LOCAL (OCLC) | |
| a | MC |
| Estatus retirado | Estado de pérdida | Estado de daño | No para préstamo | Biblioteca de origen | Biblioteca actual | Fecha de adquisición | Número de inventario | Total de préstamos | Signatura topográfica completa | Código de barras | Visto por última vez | Precio de reemplazo | Tipo de ítem Koha | Nota pública |
|---|---|---|---|---|---|---|---|---|---|---|---|---|---|---|
| CENTRO DE INFORMACIÓN A LA CONSTRUCCIÓN-CICON | CENTRO DE INFORMACIÓN A LA CONSTRUCCIÓN-CICON | 05/08/1973 | T1973894 | C-73-894 | TC1973894 | 19/11/2024 | 19/11/2024 | TESIS | Disponible |